<?xml version="1.0" encoding="UTF-8"?>
<marc:record xmlns:marc="http://www.loc.gov/MARC21/slim">
   <marc:leader>00000nam a2200000 a 4500</marc:leader>
   <marc:datafield ind1="1" ind2=" " tag="100">
      <marc:subfield code="a">Sapkowski, Andrzej</marc:subfield>
      <marc:subfield code="4">aut</marc:subfield>
      <marc:subfield code="e">Verfasser/-in</marc:subfield>
   </marc:datafield>
   <marc:datafield ind1=" " ind2=" " tag="653">
      <marc:subfield code="a">Fiktionale Darstellung</marc:subfield>
   </marc:datafield>
   <marc:datafield ind1=" " ind2=" " tag="653">
      <marc:subfield code="a">Fantasy</marc:subfield>
   </marc:datafield>
   <marc:datafield ind1="0" ind2="0" tag="245">
      <marc:subfield code="a">Das Schwert der Vorsehung</marc:subfield>
   </marc:datafield>
   <marc:datafield ind1="0" ind2="0" tag="245">
      <marc:subfield code="c">Sapkowski, Andrzej</marc:subfield>
   </marc:datafield>
   <marc:datafield ind1=" " ind2="1" tag="264">
      <marc:subfield code="a">München</marc:subfield>
      <marc:subfield code="b">dtv</marc:subfield>
      <marc:subfield code="c">2020</marc:subfield>
   </marc:datafield>
   <marc:datafield ind1="1" ind2=" " tag="490">
      <marc:subfield code="a">Die Vorgeschichte zur Hexer-Saga / Andrzej Sapkowski</marc:subfield>
      <marc:subfield code="v">3</marc:subfield>
   </marc:datafield>
   <marc:datafield ind1=" " ind2=" " tag="250">
      <marc:subfield code="a">Neuausgabe</marc:subfield>
   </marc:datafield>
   <marc:datafield ind1="1" ind2=" " tag="520">
      <marc:subfield code="a">Angaben aus der Verlagsmeldung &#xD;
&#xD;
 Das Schwert der Vorsehung  : , Vorgeschichte 3 zur Hexer-Saga  Miecz przeznaczenia  Sapkowski,Schwert  / von Andrzej Sapkowski&#xD;
&#xD;
&#xD;
            &#xD;
Die Bücher zur NETFLIX-Serie – Die Vorgeschichte 3 in der opulenten Fan-Edition&#xD;
&#xD;
            &#xD;
»Was soll man von dir halten - ein Hexer, der jeden zweiten Tag ein einträgliches Angebot ausschlägt? Die Hirikka tötest du nicht, weil die am Aussterben sind, den Streitling nicht, weil er unschädlich ist, die Nächtin nicht, weil sie nett ist, den Drachen nicht, weil's der Kodex verbietet ...«&#xD;
Der Hexer Geralt von Riva verdient seinen Lebensunterhalt recht und schlecht mit dem Beseitigen von allerlei Ungeheuern. Nicht selten begegnen ihm die Leute, die ihn anheuern, mit tiefem Argwohn. Doch damit kann er leben. Obwohl es sein Ehrenkodex eigentlich verbietet, schließt er sich einer Gruppe von Drachenjägern an - denn die Zauberin Yennefer, seine verlorengeglaubte Geliebte, ist unter ihnen. Aber die Interessen der Jäger sind zu unterschiedlich: Es beginnt ein Kampf jeder gegen jeden. Und ganz allmählich wird eine Bedrohung der festgefügten Ordnung spürbar...</marc:subfield>
   </marc:datafield>
   <marc:datafield ind1=" " ind2=" " tag="020">
      <marc:subfield code="a">9783423262651</marc:subfield>
      <marc:subfield code="9">9783423262651</marc:subfield>
   </marc:datafield>
   <marc:datafield ind1=" " ind2=" " tag="020">
      <marc:subfield code="a">3423262656</marc:subfield>
      <marc:subfield code="9">3423262656</marc:subfield>
   </marc:datafield>
   <marc:datafield ind1=" " ind2=" " tag="041">
      <marc:subfield code="a">ger</marc:subfield>
   </marc:datafield>
   <marc:datafield ind1="0" ind2=" " tag="490">
      <marc:subfield code="v">3</marc:subfield>
   </marc:datafield>
   <marc:datafield ind1=" " ind2=" " tag="338">
      <marc:subfield code="a">Band</marc:subfield>
   </marc:datafield>
   <marc:datafield ind1=" " ind2=" " tag="300">
      <marc:subfield code="a">460 Seiten</marc:subfield>
   </marc:datafield>
</marc:record>
